ARRUPE JESUIT UNIVERSITY

CORONAVIRUS -STOP THE SPREAD - CLEAN,DISINFECT,COVER

What's the usage? (Record no. 129451)

MARC details
000 -LEADER
fixed length control field 00961cam a2200265 4500
001 - CONTROL NUMBER
control field 3135034
003 - CONTROL NUMBER IDENTIFIER
control field ARRUPE
005 - DATE AND TIME OF LATEST TRANSACTION
control field 20190425112059.0
008 - FIXED-LENGTH DATA ELEMENTS--GENERAL INFORMATION
fixed length control field 730514s1973 vau b 001 0 eng
010 ## - LIBRARY OF CONGRESS CONTROL NUMBER
LC control number 72096756
020 ## - INTERNATIONAL STANDARD BOOK NUMBER
International Standard Book Number 0879098899
-- 0879098880 (pbk.)
040 ## - CATALOGING SOURCE
Original cataloging agency DLC
Transcribing agency DLC
Modifying agency DLC
050 00 - LIBRARY OF CONGRESS CALL NUMBER
Classification number PE1408
Item number .C54425
082 00 - DEWEY DECIMAL CLASSIFICATION NUMBER
Classification number 808/.042
300 ## - PHYSICAL DESCRIPTION
Dimensions 23 cm.
100 1# - MAIN ENTRY--PERSONAL NAME
Personal name Colwell, C. Carter.
9 (RLIN) 45961
245 10 - TITLE STATEMENT
Title What's the usage?
Remainder of title The writer's guide to English grammar and rhetoric,
Statement of responsibility, etc by C. Carter Colwell and James H. Knox.
260 ## - PUBLICATION, DISTRIBUTION, ETC. (IMPRINT)
Place of publication, distribution, etc Reston, Va.,
Name of publisher, distributor, etc Reston Pub. Co.
Date of publication, distribution, etc [1973]
300 ## - PHYSICAL DESCRIPTION
Extent x, 340 p.
504 ## - BIBLIOGRAPHY, ETC. NOTE
Bibliography, etc Bibliography: p. 305-307.
650 #0 - SUBJECT ADDED ENTRY--TOPICAL TERM
Topical term or geographic name as entry element English language
General subdivision Rhetoric.
9 (RLIN) 15935
650 #0 - SUBJECT ADDED ENTRY--TOPICAL TERM
Topical term or geographic name as entry element English language
General subdivision Grammar
-- Handbooks, manuals, etc.
9 (RLIN) 44738
650 #0 - SUBJECT ADDED ENTRY--TOPICAL TERM
Topical term or geographic name as entry element Report writing
General subdivision Handbooks, manuals, etc.
9 (RLIN) 45962
700 1# - ADDED ENTRY--PERSONAL NAME
Personal name Knox, James H.,
Relator term joint author.
9 (RLIN) 45963
906 ## - LOCAL DATA ELEMENT F, LDF (RLIN)
a 7
b cbc
c orignew
d 2
e opcn
f 19
g y-gencatlg
942 ## - ADDED ENTRY ELEMENTS (KOHA)
Source of classification or shelving scheme Library of Congress Classification
Koha item type Monograph ( Printed materials)
Holdings
Withdrawn status Lost status Source of classification or shelving scheme Damaged status Not for loan Collection code Home library Current library Shelving location Date acquired Total Checkouts Full call number Barcode Date last seen Price effective from Koha item type
    Library of Congress Classification     Main Collection ARRUPE LIBRARY ARRUPE LIBRARY Main Collection 25/04/2019   PE1408 .C54425 46600004560 25/04/2019 25/04/2019 Monograph ( Printed materials)

 

Arrupe Library. PO Box MP320 Mt Pleasant, Harare, Zimbabwe
263 242 745411|librarian@aju.ac.zw